[Event "BL2-S8990"]
[Site "Germany"]
[Date "1990.??.??"]
[Round "?"]
[White "Gerstenberger, Heinz"]
[Black "Pribyl, Josef"]
[Result "0-1"]
[WhiteElo "2225"]
[BlackElo "2440"]

1.e4 d6 2.d4 Nf6 3.Nc3 c6 4.f4 Qa5 5.e5 Ne4 6.Qf3 Nxc3 7.Bd2 Bf5 8.Bc4 Qa4
9.b3 Qa3 10.Qxc3 Na6 11.Nf3 d5 12.Bd3 e6 13.Bxf5 exf5 14.O-O Nc7 15.Qd3 g6
16.Rfe1 Be7 17.Kh1 h5 18.Qe2 Ne6 19.c4 Qa6 20.Be3 Rd8 21.a4 Rd7 22.Qc2 O-O
23.h3 b6 24.Qc3 Rfd8 25.a5 c5 26.axb6 Qxb6 27.dxc5 Bxc5 28.Bxc5 Qxc5 29.Ng5 Nxg5
30.fxg5 d4 31.Qd3 Re8 32.Re2 Rxe5 33.b4 Qe7 34.Rxe5 Qxe5 35.c5 Rb7 36.Qc4 d3
37.Rd1 d2 38.Kg1 Qe1+ 39.Qf1 Re7 40.c6 Qxd1  0-1

[Event "BL2-N8990"]
[Site "Germany"]
[Date "1990.??.??"]
[Round "?"]
[White "Tomczak, Rainer"]
[Black "Busch, Klaus"]
[Result "1-0"]
[WhiteElo "2315"]
[BlackElo "2255"]

1.e4 d6 2.d4 Nf6 3.Nc3 c6 4.g3 Nbd7 5.Bg2 e5 6.Nge2 b5 7.d5 Bb7 8.O-O Be7
9.h3 O-O 10.Kh2 Rc8 11.Be3 Qc7 12.Rc1 Nb6 13.b3 b4 14.Bxb6 Qxb6 15.Na4 Qa5
16.c4 bxc3 17.Nexc3 cxd5 18.exd5 Qb4 19.Qd3 a6 20.f4 exf4 21.Rxf4 Qa5 22.Re1 Rfe8
23.Ref1 Nd7 24.Rxf7 Ne5 25.Qf5 Nxf7 26.Qxf7+ Kh8 27.Be4 Bg5 28.Qf5 g6 29.Qxg5 Rf8
30.Rxf8+ Rxf8 31.Qe7 Qd8 32.Qxb7 Qg5 33.Bg2 Rf2 34.Ne4  1-0

[Event "Bundesliga 8990"]
[Site "Germany"]
[Date "1990.??.??"]
[Round "?"]
[White "Schindler, Werner"]
[Black "Breutigam, Martin"]
[Result "1/2-1/2"]
[WhiteElo "2295"]
[BlackElo "2320"]

1.e4 d6 2.d4 Nf6 3.Nc3 c6 4.Nf3 Bg4 5.Be2 e6 6.O-O Be7 7.h3 Bh5 8.Bf4 d5
9.exd5 Bxf3 10.Bxf3 Nxd5 11.Nxd5 exd5 12.Re1 O-O 13.Qd2 Na6 14.Re2 Bd6 15.Rae1 Nc7
16.Bg4 f5 17.Bh5 g6 18.Bf3 Qd7 19.h4 Rfe8 20.Bxd6 Qxd6 21.h5 Rxe2 22.Rxe2 Re8
23.hxg6 hxg6 24.g3 Kg7 25.Kg2 Rxe2 26.Qxe2 Kf6 27.Qe3 g5 28.Bd1 Qe6 29.Qxe6+ Nxe6
30.c3 c5 31.Bb3 cxd4 32.cxd4 Nxd4 33.Bxd5 b6 34.f4 Kg6 35.Kf2 Kh5 36.fxg5 Kxg5
37.Ke3 Nb5 38.Bf3 Kf6 39.a4 Nd6 40.Kd4 Nf7 41.Kd5 Ng5 42.Bg2 Ne6 43.Bf1 f4
44.gxf4 Nxf4+ 45.Kc6 Ke5 46.b4 Nd5 47.Kb7 Nxb4 48.Kxa7 Nd5 49.Bg2 Nc3 50.Kxb6 Nxa4+  1/2-1/2

[Event "NRW-Liga I 8990"]
[Site "Germany"]
[Date "1990.??.??"]
[Round "?"]
[White "Schlehoefer, Ralf"]
[Black "Sygulski, Artur"]
[Result "1/2-1/2"]
[WhiteElo "2310"]
[BlackElo "2360"]

1.e4 d6 2.d4 Nf6 3.Nc3 c6 4.Bg5 Qb6 5.Qd2 h6 6.Bxf6 gxf6 7.O-O-O f5 8.Nf3 fxe4
9.Nxe4 Be6 10.c4 Nd7 11.d5 cxd5 12.cxd5 Bf5 13.Bd3 Bxe4 14.Bxe4 Bg7 15.Bf5 Qc5+
16.Kb1 Nb6 17.Rc1 Nc4 18.Qe2 b5 19.Nd2 Qxd5 20.Rxc4 Qxf5+ 21.Re4 O-O 22.g4 Qf6
23.Nf3 e6 24.Rg1 d5 25.g5 Qf5 26.gxh6 dxe4 27.Rxg7+ Kh8 28.Ng5 e3+ 29.Qc2  1/2-1/2

[Event "Groningen"]
[Site "Groningen"]
[Date "1990.??.??"]
[Round "?"]
[White "Adams, Michael"]
[Black "Wahls, Matthias"]
[Result "1/2-1/2"]
[WhiteElo "2590"]
[BlackElo "2525"]

1.e4 d6 2.d4 Nf6 3.Nc3 e5 4.Nf3 Nbd7 5.Bc4 Be7 6.O-O O-O 7.a4 a5 8.Qe2 c6
9.Rd1 Qc7 10.Be3 Ng4 11.Bc1 Nb6 12.Bb3 exd4 13.Nxd4 d5 14.g3 Bb4 15.exd5 Bxc3
16.d6 Qxd6 17.bxc3 Nd5 18.Ba3 Qh6 19.h4 Rd8 20.Bb2 Bd7 21.Qd2 Qg6 22.c4 Ndf6
23.Qg5 c5 24.Qxg6 hxg6 25.Nb5 Bc6 26.Nc7 Bf3 27.Rd3 Rxd3 28.cxd3 Rd8 29.Bc2 Ne4
30.Rf1 Nd2 31.Rc1 Bc6 32.Nd5 Bxd5 33.cxd5 Rxd5 34.Bc3 Nf3+ 35.Kg2 Nd4 36.Bb1 Ne2
37.Rc2 Nxc3 38.Rxc3 b6 39.Kf3 Nf6 40.Ba2 Rf5+ 41.Ke2 Nd5 42.Rc1 Nb4 43.Bc4 Re5+
44.Kd2 Kf8 45.f4 Re7 46.Bb5 Re6 47.Bc4 Rd6 48.Kc3 Nc6 49.Rh1 Nd4 50.Kd2 Ke7
51.Re1+ Kd8 52.Rh1 Rd7 53.h5 gxh5 54.Rxh5 Re7 55.Rh8+ Kc7 56.g4 f6 57.Rg8 Kd6
58.Rd8+ Kc6 59.Bd5+ Kc7 60.Rg8 Kd6 61.Be4 b5 62.axb5 Nxb5 63.Rb8 Nd4 64.Rb6+ Kd7
65.Ra6 c4 66.Kc3 cxd3 67.Bxd3 Ne6  1/2-1/2

[Event "Groningen op"]
[Site "Groningen"]
[Date "1990.??.??"]
[Round "5"]
[White "Gipslis, Aivars"]
[Black "Rashkovsky, Nukhim N"]
[Result "1/2-1/2"]
[WhiteElo "2465"]
[BlackElo "2530"]

1.e4 d6 2.d4 Nf6 3.Nc3 c6 4.Nf3 Bg4 5.Be2 e6 6.O-O Be7 7.a4 O-O 8.Be3 d5
9.Nd2 Bxe2 10.Qxe2 Na6 11.e5 Nd7 12.Qg4 f5 13.exf6 Rxf6 14.Ne2 Rg6 15.Qh3 Bd6
16.Nf4 Bxf4 17.Bxf4 Qf6 18.Be3 Rf8 19.c3 Nc7 20.Kh1 Qf5  1/2-1/2

[Event "Groningen op"]
[Site "Groningen"]
[Date "1990.??.??"]
[Round "6"]
[White "Van de Oudeweetering, Arthur"]
[Black "Malaniuk, Vladimir P"]
[Result "0-1"]
[WhiteElo "2345"]
[BlackElo "2480"]

1.e4 d6 2.d4 Nf6 3.Nc3 c6 4.f4 Qa5 5.Bd3 e5 6.Nf3 Bg4 7.dxe5 dxe5 8.O-O Nbd7
9.Qe1 Bxf3 10.Rxf3 Bd6 11.f5 h6 12.Bd2 Qc7 13.a3 a5 14.Kh1 Nc5 15.Qg3 Rg8
16.Rff1 a4 17.Qf3 Qe7 18.Bc4 Ncd7 19.Be1 Bc5 20.Bh4 Qd8 21.Ne2 Rf8 22.Ng3 Be7
23.Rad1 Qb6 24.Bxf6 Bxf6 25.b4 axb3 26.cxb3 Ke7 27.Qd3 Qd4 28.Qe2 Qc5 29.a4 Nb6
30.Rd3 Nxa4 31.Qd2 Rfd8 32.Rd1 Rxd3 33.Qxd3 Nb6 34.Qe2 Nc8 35.Nh5 Nd6 36.Nxf6 gxf6
37.Qh5 Qe3 38.Rf1 Qxe4 39.Qxh6 Qxf5 40.Rd1 Ne4 41.Rb1 Qg5 42.Qh7 Qg6 43.Qh4 Rg8
44.g3 Rd8 45.Ra1 Qf5  0-1

[Event "Hamburg IMT"]
[Site "Hamburg"]
[Date "1990.??.??"]
[Round "3"]
[White "Luecke, Norbert"]
[Black "Hausner, Ivan"]
[Result "1/2-1/2"]
[WhiteElo "2350"]
[BlackElo "2440"]

1.e4 d6 2.d4 Nf6 3.Nc3 c6 4.g3 Nbd7 5.Bg2 e5 6.Nge2 Be7 7.O-O O-O 8.a4 a5
9.h3 Re8 10.Be3 Bf8 11.Re1 exd4 12.Bxd4 Nc5 13.Nf4 Nfd7 14.Nd3 Nxd3 15.Qxd3 Nc5
16.Qf1 Qb6 17.Nb1 Be6 18.Nd2 Qa6 19.Bxc5 Qxf1+ 20.Bxf1 dxc5 21.Nc4 Bxc4 22.Bxc4 Rad8
23.b3 Rd2 24.Rad1  1/2-1/2

[Event "Hamburg IMT"]
[Site "Hamburg"]
[Date "1990.??.??"]
[Round "9"]
[White "Holzke, Frank"]
[Black "Hausner, Ivan"]
[Result "1/2-1/2"]
[WhiteElo "2395"]
[BlackElo "2440"]

1.e4 d6 2.d4 Nf6 3.Nc3 c6 4.h3 b5 5.a3 Nbd7 6.Nf3 e5 7.Be2 Bb7 8.O-O Be7
9.Bg5 O-O 10.Qd2 h6 11.Bxf6 Bxf6 12.d5 cxd5 13.Nxd5 Nc5 14.Qe3 Bxd5 15.exd5 Qb6
16.Rad1 Rfc8 17.b4 Na4 18.Qxb6 axb6 19.Bxb5 Nc3 20.Bc6 Rxa3 21.Rde1 Ra2 22.Nd2 Rxc2
23.Ne4 Nxe4 24.Rxe4 Ra2 25.Ree1 Rc7 26.Ra1 Rca7 27.Rxa2 Rxa2 28.Rc1 e4 29.Re1 Be5
30.g4 Bd4 31.Rxe4 Bxf2+ 32.Kf1 Bg3 33.Re8+ Kh7 34.Re2 Ra1+ 35.Kg2 Be5 36.Rf2 Kg8
37.Be8 Ra7 38.Rc2 Kf8 39.Rc8 Ke7 40.Bc6 Ra3 41.Rc7+ Kf6 42.Be8 Rg3+ 43.Kf2 Rxh3
44.Rxf7+ Kg5 45.Bd7 g6 46.Rf3 Rh2+ 47.Ke3 Rb2 48.b5 Rc2 49.Rf1 Rc7 50.Be6 Rc3+
51.Ke2 Rb3 52.Bd7 Bf4 53.Rd1 Kf6 54.Rd3 Rb2+ 55.Kf3 Ke5 56.Be8 Rb4 57.Rd1 Kf6
58.Re1 Be5 59.Re4 Rb1 60.Kg2 Rd1 61.Bc6 Kg5 62.Kf3 Rf1+ 63.Kg2 Rc1 64.Rb4 Rd1
65.Kf3 Rd3+ 66.Ke2 Ra3 67.Bd7 h5 68.gxh5 gxh5 69.Rb1 h4 70.Rg1+ Bg3 71.Rf1 Bf4
72.Rf3 Ra7 73.Be6 Ra5 74.Rb3 Kf6 75.Kf3 Ke5 76.Rb2 Ra3+ 77.Kg4 Bg3 78.Rd2 Ra7
79.Rd1 Rc7 80.Rb1 Rc5 81.Rb4 Rc1 82.Kh3 Re1 83.Kg2 Re3 84.Rb1 Kd4 85.Rd1+ Ke4
86.Kh3 Be1+ 87.Kg2 Bc3 88.Bc8 Be5 89.Bd7 h3+ 90.Kh1 Re2 91.Be6 Bf4 92.Kg1 Be3+
93.Kh1 Kf4 94.Rf1+ Kg3 95.Rf3+ Kxf3 96.Bg4+ Kf2 97.Bxe2  1/2-1/2

[Event "Hamburg IMT"]
[Site "Hamburg"]
[Date "1990.??.??"]
[Round "11"]
[White "Horvath, Tamas"]
[Black "Hausner, Ivan"]
[Result "1/2-1/2"]
[WhiteElo "2415"]
[BlackElo "2440"]

1.e4 d6 2.d4 Nf6 3.Nc3 c6 4.f4 Qa5 5.Bd3 e5 6.Nf3 Bg4 7.Be3 exd4 8.Bxd4 Qb4
9.e5 Nh5 10.g3 Qxd4 11.Nxd4 Bxd1 12.Rxd1 g6 13.Be2 dxe5 14.fxe5 Nd7 15.Bxh5 gxh5
16.e6 fxe6 17.Nxe6 Ke7 18.Nd4 Re8 19.O-O Kd8 20.Rf7 Re7 21.Rxe7 Bxe7 22.Ne6+ Kc8
23.Rf1 Nf6 24.Rf4 Rg8 25.Kg2 Rg6 26.Nd4 Bd6 27.Rf3 Be5 28.Nf5 Kd7 29.Ne2 Rg4
30.Re3 Re4 31.Rxe4 Nxe4 32.b3 Ke6 33.Nh4 Kd5 34.Nf3 Nc3 35.Nxe5 Nxe2 36.Nd7 Kd4
37.Nf6 h6 38.Nxh5 Kc3 39.h4 Nc1 40.g4 Nxa2 41.Nf6 Nb4 42.g5 hxg5 43.h5 Kxc2
44.h6 Nd3 45.h7 Nf4+ 46.Kf3 Ng6 47.Kg4 a5 48.Kxg5 Nh8 49.Kh6 b5 50.Kg7 a4
51.bxa4 bxa4 52.Kxh8  1/2-1/2

[Event "HUN-ch (Women)"]
[Site "?"]
[Date "1990.??.??"]
[Round "7"]
[White "Madl, Ildiko"]
[Black "Nagy, Ervinne"]
[Result "1-0"]
[WhiteElo "2375"]
[BlackElo "2220"]

1.e4 d6 2.d4 Nf6 3.Nc3 Nbd7 4.Nf3 e5 5.Bc4 Be7 6.O-O O-O 7.a4 c6 8.Bb3 exd4
9.Qxd4 Nc5 10.Ba2 Be6 11.Bxe6 Nxe6 12.Qc4 Qc7 13.Ng5 Nxg5 14.Bxg5 Rac8 15.h3 Rfe8
16.Be3 b6 17.Rfd1 Bf8 18.Qd4 d5 19.exd5 Nxd5 20.Nxd5 cxd5 21.Qxd5 Qxc2 22.Rac1 Qxb2
23.Rxc8 Rxc8 24.Qb7 Re8 25.Qxa7 Qe2 26.Rb1 Qa2 27.Rc1 Bc5 28.Bxc5 bxc5 29.Rxc5 Re1+
30.Kh2 h6 31.Qb8+ Kh7 32.Qf4 Re7 33.a5 Ra7 34.Qf5+ g6 35.Qf6 Rd7 36.Rc8  1-0

[Event "Karl-Marx-Stadt"]
[Site "Karl-Marx-Stadt"]
[Date "1990.??.??"]
[Round "?"]
[White "Panchev, Pavel"]
[Black "Mirschinka, Dirk"]
[Result "1/2-1/2"]
[WhiteElo "2365"]
[BlackElo "2200"]

1.e4 d6 2.d4 Nf6 3.Nc3 c6 4.Nf3 Qa5 5.Bd2 Qb6 6.a4 a5 7.h3 g6 8.Bc4 Bg7 9.Bb3 O-O
10.O-O Nfd7 11.Be3 Qc7 12.Qd2 e5 13.dxe5 dxe5 14.Rfd1 Na6 15.Qe2 Ndc5 16.Bc4 Be6
17.Nd2 Qe7 18.Bxe6 Nxe6 19.Nb3 Nac5 20.Nxc5 Nxc5 21.Bxc5 Qxc5 22.Rd3 Rad8
23.Rad1 Rd4 24.b3 Rfd8 25.g3 Bf8 26.Kg2 Qb6 27.Rxd4 Rxd4 28.Rd3 Qd8 29.Rxd4 Qxd4
30.Qd3 Qb4 31.Nd1 Qe1 32.Ne3 Bc5 33.Ng4 h5  1/2-1/2

[Event "Karl-Marx-Stadt"]
[Site "Karl-Marx-Stadt"]
[Date "1990.??.??"]
[Round "?"]
[White "Casper, Thomas"]
[Black "Mirschinka, Dirk"]
[Result "1-0"]
[WhiteElo "2405"]
[BlackElo "2200"]

1.e4 d6 2.d4 Nf6 3.Nc3 c6 4.Nf3 Qa5 5.Bd2 Qb6 6.a4 a5 7.Bc4 Bg4 8.d5 Nbd7
9.O-O Ne5 10.Be2 Nxf3+ 11.Bxf3 Bxf3 12.Qxf3 g6 13.Be3 Qc7 14.Bd4 Bg7 15.dxc6 bxc6
16.e5 dxe5 17.Bxe5 Qb6 18.Ne4 O-O 19.Bxf6 exf6 20.Nxf6+ Bxf6 21.Qxf6 Rab8
22.b3 Qc5 23.Rac1 Rbd8 24.c4 Rd6 25.Qf3 Rfd8 26.Rc3 Rd2 27.Re3 Qd6 28.g3 Kg7
29.Rfe1 Rd7 30.Kg2 h6 31.Re8 Rd3 32.R1e3 Rxe3 33.Qxe3 Qd4 34.Qe1 Rd6 35.Qe7 Rd7
36.Qf8+ Kf6 37.Qh8+ Kf5 38.Qxh6 Rb7  1-0

[Event "Karl-Marx-Stadt"]
[Site "Karl-Marx-Stadt"]
[Date "1990.??.??"]
[Round "?"]
[White "Shtyrenkov, Veniamen"]
[Black "Lorenz, Gerd"]
[Result "1-0"]
[WhiteElo "2375"]
[BlackElo "2275"]

1.e4 d6 2.d4 Nf6 3.Nc3 e5 4.dxe5 dxe5 5.Qxd8+ Kxd8 6.Bc4 Ke8 7.Nf3 Bd6 8.Bg5 Nbd7
9.O-O-O a6 10.h3 b5 11.Bb3 h6 12.Bxf6 Nxf6 13.Rhe1 Bb7 14.Nd5 Nd7 15.Nh4 g6
16.Nxc7+ Bxc7 17.Bxf7+ Kd8 18.Nxg6 Rh7 19.Be6 Ke8 20.Re3 Nc5 21.Bf5 Rg7 22.b4 Na4
23.Rf3 Rd8 24.Bd7+  1-0

[Event "Karl-Marx-Stadt"]
[Site "Karl-Marx-Stadt"]
[Date "1990.??.??"]
[Round "?"]
[White "Mirschinka, Dirk"]
[Black "Lorenz, Gerd"]
[Result "0-1"]
[WhiteElo "2200"]
[BlackElo "2275"]

1.e4 d6 2.d4 Nf6 3.Nc3 e5 4.Nf3 Nbd7 5.Bc4 Be7 6.O-O O-O 7.a4 c6 8.Re1 b6
9.d5 Bb7 10.dxc6 Bxc6 11.Bg5 Rc8 12.Qd2 Qc7 13.b3 Rfe8 14.Rad1 Qb7 15.Qe2 Qa8
16.Bxf6 Nxf6 17.Bd5 Red8 18.Rd3 Rd7 19.g3 Rdc7 20.Bc4 h6 21.Nd2 a6 22.Rf3 Bb7
23.Nd1 b5 24.axb5 axb5 25.Bxb5 Rxc2 26.Bd3 Ra2 27.Bb1 Ra1 28.Nb2 Nd7 29.Nbc4 Qa6
30.Rc3 Nc5 31.f3 Bg5 32.Kg2 Bxd2 33.Qxd2 Nxb3 34.Rxb3 Rxc4 35.Qb2 Rca4 36.Re2  0-1

[Event "Balkaniad"]
[Site "Kavala"]
[Date "1990.??.??"]
[Round "3"]
[White "Chilingirova, Pavlina"]
[Black "Makropoulou, Marina"]
[Result "0-1"]
[WhiteElo "2195"]
[BlackElo "2230"]

1.d4 d6 2.e4 Nf6 3.Nc3 c6 4.Nf3 g6 5.Bd3 Bg7 6.O-O O-O 7.h3 Qc7 8.Be3 e5
9.dxe5 dxe5 10.a4 a5 11.Qe2 Re8 12.Bc4 h6 13.Rfd1 Na6 14.Rd2 Kh7 15.Nh2 Qe7
16.Ng4 Nc7 17.Rad1 Nxg4 18.hxg4 Ne6 19.f3 Qb4 20.Rb1 Nd4 21.Qf1 Rf8 22.Bd3 Be6
23.Qf2 Bf6 24.Qg3 Kg7 25.Nd1 Qxa4 26.c3 Nb3 27.Bc2 Rad8 28.Qh2 g5 29.Rxd8 Rxd8
30.Bf2 Qb5 31.Ne3 Rd2 32.Rd1 Rxd1+ 33.Bxd1 Nd2 34.g3 Qxb2 35.Be1 Nc4 36.Qxb2 Nxb2
37.Be2 Be7 38.Kf1 Bc5 39.Bd2 a4 40.Nf5+ Bxf5 41.exf5 a3 42.Bc1 Na4 43.Bc4 b5
44.Bb3 Nxc3 45.Bd2 Bd4  0-1

[Event "URS-Trade Union"]
[Site "Kherson"]
[Date "1990.??.??"]
[Round "?"]
[White "Losev, Dmitry"]
[Black "Oratovsky, Michael"]
[Result "1-0"]
[WhiteElo "2320"]
[BlackElo "2335"]

1.e4 d6 2.d4 Nf6 3.Nc3 c6 4.Nf3 Bg4 5.h3 Bh5 6.Qe2 e6 7.g4 Bg6 8.h4 h5 9.g5 Nfd7
10.Bf4 Be7 11.Nd2 d5 12.O-O-O a5 13.Rh3 Na6 14.Re3 Nb6 15.Be5 O-O 16.Bg2 a4
17.Bf3 a3 18.b3 Nd7 19.Bg3 c5 20.Nb5 cxd4 21.Nxd4 Bc5 22.Nf1 e5 23.Nf5 d4
24.Red3 Nb4 25.Kb1 Nxd3 26.Rxd3 Bb4 27.Bxh5 Nc5 28.Bxe5 Nxd3 29.Qxd3 Bxf5
30.exf5 Qe7 31.f4 f6 32.Qc4+ Kh8 33.Bg6 d3 34.Qxd3 Rfd8 35.Qf3 Kg8 36.Qh5 Qc5
37.Qh7+ Kf8 38.Qh8+  1-0

[Event "URS-Trade Union"]
[Site "Kherson"]
[Date "1990.??.??"]
[Round "?"]
[White "Son, Irina"]
[Black "Oratovsky, Michael"]
[Result "0-1"]
[WhiteElo "2175"]
[BlackElo "2335"]

1.d4 d6 2.e4 Nf6 3.Nc3 c6 4.a4 Qa5 5.Bd2 Qc7 6.h3 e5 7.Nf3 Be7 8.dxe5 dxe5
9.Bc4 a5 10.O-O O-O 11.Be3 Nbd7 12.Nd2 b6 13.Nb3 Re8 14.Qe2 Nf8 15.Rfd1 Ne6
16.Qf3 Rb8 17.Nc1 Bf8 18.N1e2 Bd7 19.Rac1 Bb4 20.Ba2 Rbd8 21.Ng3 Bxc3 22.bxc3 Nf4
23.Bc4 Be6 24.Bxe6 fxe6 25.Rxd8 Rxd8 26.Rb1 c5 27.Bxf4 exf4 28.Nh5 Nxh5 29.Qxh5 Qd6
30.e5 Qc6 31.Rb5 Rf8 32.Qd1 f3 33.Qd6 Qe4 34.Qxe6+ Kh8 35.Qd6 Qe1+ 36.Kh2 Rg8
37.Qd5 fxg2 38.Qxg2 Qxe5+ 39.Qg3 Qf6 40.c4 Rf8 41.Kg2 Qc6+ 42.Kg1 h6 43.Qd3 Rf6
44.Qd5 Qe8 45.Kf1 Qf8 46.Qd2 Rd6 47.Qe2 Qa8 48.f3 Qc8 49.Qh2 Qe6 50.Rb1 Qxc4+
51.Kg1 Rg6+ 52.Kh1 Qxa4 53.h4 Rf6 54.Qg3 Qc6 55.Rb3 Qd6 56.Qe1 Rf4 57.Re3 Rd4
58.Kg2 Rd2+  0-1

[Event "Kuala Lumpur Interzonal (Women)"]
[Site "Kuala Lumpur"]
[Date "1990.??.??"]
[Round "2"]
[White "Sziva, Erika"]
[Black "Hoiberg, Nina"]
[Result "0-1"]
[WhiteElo "2250"]
[BlackElo "2275"]

1.e4 d6 2.d4 Nf6 3.Nc3 c6 4.f4 Qa5 5.Bd3 e5 6.Nf3 Bg4 7.dxe5 dxe5 8.O-O Nbd7
9.Qe1 Bc5+ 10.Kh1 Bxf3 11.Rxf3 Ng4 12.Rf1 Bd4 13.a3 O-O-O 14.Rb1 Qc5 15.Nd1 Qd6
16.Qg3 h5 17.b4 Ndf6 18.h4 exf4 19.Bxf4 Be5 20.Nb2 Bxf4 21.Qxf4 Qxf4 22.Rxf4 Rhe8
23.Kg1 Ne5 24.g3 Nfg4 25.Rd1 f6 26.Be2 Ne3 27.Rxd8+ Rxd8 28.Bd3 Kc7 29.Rf2 b6
30.a4 Rd4 31.c3 Rd6 32.Be2 g6 33.Bf1 N5g4 34.Re2 g5 35.hxg5 fxg5 36.Bh3 Rf6
37.Bxg4 Rf1+ 38.Kh2 Nxg4+ 39.Kg2 Rc1 40.c4 Ne5 41.a5 bxa5 42.bxa5 Ra1 43.Rf2 Rxa5
44.Rf5 Kd6 45.Kh3 Ra2 46.c5+ Ke6 47.Nd1 Ng4  0-1

[Event "Kuala Lumpur Interzonal (Women)"]
[Site "Kuala Lumpur"]
[Date "1990.??.??"]
[Round "5"]
[White "Sziva, Erika"]
[Black "Akhsharumova, Anna M"]
[Result "0-1"]
[WhiteElo "2250"]
[BlackElo "2395"]

1.e4 d6 2.d4 Nf6 3.Nc3 c6 4.f4 Qa5 5.e5 Ne4 6.Qf3 Nxc3 7.Bd2 e6 8.bxc3 Qc7
9.Bd3 c5 10.Qf2 Nc6 11.Nf3 Bd7 12.O-O h6 13.Be3 cxd4 14.cxd4 Nb4 15.Rab1 Nxd3
16.cxd3 Bc6 17.Nd2 d5 18.f5 Qd7 19.Nb3 exf5 20.Qxf5 Qxf5 21.Rxf5 Bd7 22.Rf2 b6
23.Rc2 Ba3 24.Nc1 Kd8 25.Rc3 Be7 26.Ne2 Rc8 27.Rbc1 Rxc3 28.Nxc3 Bc6 29.Ne4 Kd7
30.Ng3 Rc8 31.Nh5 Bf8 32.h4 Bb7 33.Rf1 Ke8 34.Nf4 Rc2 35.a4 Bc6 36.e6 f6
37.Rc1 Rxc1+ 38.Bxc1 Bd6 39.Nh5 Kf8 40.Nf4 Ke7  0-1

[Event "Kuala Lumpur Interzonal (Women)"]
[Site "Kuala Lumpur"]
[Date "1990.??.??"]
[Round "11"]
[White "Gurieli, Nino"]
[Black "Hoiberg, Nina"]
[Result "1/2-1/2"]
[WhiteElo "2340"]
[BlackElo "2275"]

1.d4 d6 2.e4 Nf6 3.Nc3 c6 4.Be2 Qa5 5.Bd2 Qb6 6.Nf3 d5 7.e5 Ne4 8.Nxe4 dxe4
9.Ng5 Qxd4 10.e6 f6 11.Ba5 Qd5 12.Qxd5 cxd5 13.Nf7 Rg8 14.Bb5+ Nc6 15.Nd8 a6
16.Bxc6+ bxc6 17.O-O-O g6 18.c4 Bh6+ 19.Kb1 Bf4 20.cxd5 cxd5 21.Rxd5 Kf8
22.g3 Bd6 23.Rc1 Kg7 24.Rd4 Be5 25.Rd2 g5 26.a3 h5 27.Bc7 Bd6 28.b4 Re8 29.Bxd6 Rxd8
30.Rc7 Bxe6 31.Rxe7+ Bf7 32.Kb2 Re8 33.Rd7 e3 34.fxe3 Rxe3 35.Bc5 Rb3+ 36.Ka2 Rc3+
37.Kb2 Rb3+ 38.Ka2 Rc3+ 39.Kb2 Rb3+ 40.Ka2  1/2-1/2

[Event "RSFSR-ch"]
[Site "Kuibishev"]
[Date "1990.??.??"]
[Round "?"]
[White "Belikov, Vladimir"]
[Black "Shabanov, Yuri"]
[Result "1-0"]
[WhiteElo "2375"]
[BlackElo "2375"]

1.e4 d6 2.d4 Nf6 3.Nc3 e5 4.Nf3 exd4 5.Qxd4 Nc6 6.Bb5 Bd7 7.Bxc6 Bxc6 8.Bg5 Be7
9.O-O-O O-O 10.h4 Re8 11.Nd5 Bxd5 12.exd5 Nd7 13.Rhe1 Bf6 14.Rxe8+ Qxe8 15.Qb4 a5
16.Qc4 Qc8 17.Re1 b5 18.Qd3 b4 19.Nd4 Bxd4 20.Qxd4 h6 21.Bd2 Ne5 22.f3 c5
23.dxc6 Qxc6 24.Qe4 Rc8 25.Qxc6 Rxc6 26.Re4 Nc4 27.Bf4 Kf8 28.Kb1 f6 29.Bc1 h5
30.b3 Nb6 31.Rd4 Kf7 32.a3 bxa3 33.Bxa3 d5 34.Bc1 Ke6 35.Bf4 Rc5 36.Be3 Rb5
37.Ka2 Rc5 38.Rd2 Rc6 39.Ka3 a4 40.Bxb6 Rxb6 41.Kxa4 Ra6+ 42.Kb5 Ra2 43.Kc5 Ra5+
44.Kc6 Ra6+ 45.Kb5 Ra2 46.Kc5 Ra5+ 47.Kd4 Kd6 48.Rd1 Ra8 49.Re1 Rb8 50.Kc3 Rc8+
51.Kd3 Rb8 52.Ra1 g5 53.hxg5 fxg5 54.Kd4 Rb4+ 55.Kc3 Rf4 56.Ra6+ Ke5 57.Rg6 Rf5
58.b4 h4 59.b5 h3 60.gxh3 Rxf3+ 61.Kb4 Rxh3 62.b6  1-0

[Event "RSFSR-ch"]
[Site "Kuibishev"]
[Date "1990.??.??"]
[Round "?"]
[White "Voitsekhovsky, Stanislav"]
[Black "Belikov, Vladimir"]
[Result "1/2-1/2"]
[WhiteElo "2335"]
[BlackElo "2375"]

1.d4 d6 2.e4 Nf6 3.Nc3 c6 4.f4 Qa5 5.Bd3 e5 6.dxe5 dxe5 7.Nf3 Bg4 8.Bd2 Nbd7
9.f5 Qb6 10.h3 Bxf3 11.Qxf3 Qxb2 12.Rb1 Qa3 13.Rb3 Qd6 14.Rxb7 Nc5 15.Rb1 Rd8
16.Ke2 Be7 17.Rhd1 O-O 18.Be1 Qc7 19.Kf1 Rd7 20.Be2 Rd4 21.Bf2 Rfd8 22.Bd3 R4d7
23.Be2 Rxd1+ 24.Bxd1 Rb8 25.Rxb8+ Qxb8 26.Qe3 h6 27.g4 Qb2 28.Kg2 Ncd7 29.Na4 Qa1
30.Bf3 Qxa2 31.Qb3 Qxb3 32.cxb3 a5 33.h4 Ne8 34.Kg3 Nd6 35.Be3 Nb5 36.Be2 Nd4
37.Bc4 Nf6 38.Bxd4 Nxe4+ 39.Kf3 Nd2+ 40.Ke2 Nxc4 41.Bc3 Na3 42.Bxe5 Bxh4
43.Nc5 Be7 44.Nb7 Bb4 45.Bc7 Nb5 46.Bxa5 Nd6 47.Bxb4 Nxb7 48.Kd3 f6 49.Ke4 Kh7
50.Kd4 Kg8 51.Ke4 Kf7 52.Kd4 Ke8 53.Ke4 Kf7 54.Kd4 Ke8 55.Ke4 Nd8 56.Bd6 Nf7
57.Ba3 Ne5 58.Kf4 Nd7 59.Bd6 Kd8 60.Ke4 Kc8 61.Kf4 Kd8 62.Ke4 Ke8 63.Kf4 Kf7
64.Ke4 Kg8 65.Kf3 Kh7 66.Kf4 Nb6 67.Bc5 Nd7 68.Bd6 g6 69.fxg6+ Kxg6 70.Ke4 Kg5
71.Bf4+ Kxg4 72.Bxh6 f5+ 73.Kd4 f4 74.Bxf4 Kxf4 75.b4 Kf5 76.b5 c5+ 77.Kd5 Kf6
78.b6 Ke7 79.b7 Kd8 80.b8=Q+ Nxb8  1/2-1/2

[Event "Kusadasi op"]
[Site "Kusadasi"]
[Date "1990.??.??"]
[Round "1"]
[White "Vatter, Hans Joachim"]
[Black "Tseshkovsky, Vitaly"]
[Result "0-1"]
[WhiteElo "2330"]
[BlackElo "2490"]

1.e4 d6 2.d4 Nf6 3.Nc3 c6 4.a4 g6 5.h3 Bg7 6.Be2 O-O 7.Nf3 Nbd7 8.O-O e5
9.Be3 exd4 10.Bxd4 Re8 11.Nd2 Nc5 12.Bf3 Ne6 13.Be3 d5 14.exd5 Nxd5 15.Nxd5 cxd5
16.c3 d4 17.cxd4 Nxd4 18.Bxd4 Qxd4 19.Ne4 Qxb2 20.Rb1 Qe5 21.Re1 Bf5 22.Rxb7 Rad8
23.Qb3 Be6 24.Qe3 Bc8 25.Rxa7 Qb2 26.Rxf7 Bd4 27.Qh6 Qxf2+ 28.Nxf2 Rxe1+
29.Kh2 Kxf7 30.Qxh7+ Bg7 31.Ng4 Bxg4 32.Qh4 Be5+ 33.g3 Bxf3  0-1

[Event "Lenk op"]
[Site "Lenk"]
[Date "1990.??.??"]
[Round "?"]
[White "Kotronias, Vasilios"]
[Black "Shvidler, Eliahu"]
[Result "1-0"]
[WhiteElo "2500"]
[BlackElo "2400"]

1.e4 d6 2.d4 Nf6 3.Nc3 c6 4.a4 e5 5.Nf3 Qa5 6.Bd2 Bg4 7.dxe5 dxe5 8.h3 Bxf3
9.Qxf3 Bb4 10.Bc4 Nbd7 11.O-O O-O 12.Bg5 Qc5 13.Bb3 h6 14.Be3 Qe7 15.Ne2 Bc5
16.Bd2 Kh7 17.Ng3 g6 18.h4 Ne8 19.h5 Ng7 20.Qg4 Nf6 21.hxg6+ fxg6 22.Qh4 h5
23.Bg5 Ne6 24.Bxe6 Qxe6 25.b4 Bd4 26.Ra3 Ng4 27.Nxh5 gxh5 28.Qxh5+ Nh6 29.Rh3 Rf6
30.c3 Bb6 31.a5 Bc7 32.Rd1 Rd8 33.Rxd8 Bxd8 34.Bxf6 Qxf6 35.Qe8 Qd6 36.Qf7+ Kh8
37.f4 exf4 38.e5 Qd1+ 39.Kh2 Bg5 40.Qf8+ Kh7 41.Qf5+  1-0

[Event "Linz op"]
[Site "Linz"]
[Date "1990.??.??"]
[Round "?"]
[White "Timoshenko, Georgy"]
[Black "Okhotnik, Vladimir"]
[Result "1/2-1/2"]
[WhiteElo "2540"]
[BlackElo "2450"]

1.e4 d6 2.d4 Nf6 3.Nc3 c6 4.f4 Qa5 5.Bd3 e5 6.Nf3 Bg4 7.Be3 Nbd7 8.Qd2 Bxf3
9.gxf3 Be7 10.O-O-O b5 11.Kb1 a6 12.h4 g6 13.Qh2 b4 14.Ne2 exd4 15.Nxd4 Qc7
16.e5 Nd5 17.Bc1 Nc5 18.h5 Nxd3 19.Rxd3 O-O-O 20.Rhd1 dxe5 21.fxe5 Kb7 22.Qe2 Rhe8
23.Qe4 f5 24.exf6 Nxf6 25.Qe6 c5 26.Nb3 c4 27.Qxc4 Qxc4 28.Na5+ Kc8 29.Nxc4 Rxd3
30.cxd3 Nxh5 31.d4 Kd7 32.d5 Bd6 33.Bd2 Bc5 34.Kc2 Re2 35.Kb3 Rf2 36.Bxb4 Rxf3+
37.Ka4 Rf4 38.Rc1 Bxb4 39.Kxb4 Nf6 40.Kc5 Ne4+ 41.Kb6 Rf6+ 42.Ka7 h5 43.Re1 Ng3
44.d6 Nf5 45.Kxa6 Nxd6 46.Ne5+ Kd8 47.b4 Nc4+ 48.Ka7 Nxe5 49.Rxe5 Rf4 50.b5 Ra4+
51.Kb7 Rxa2 52.Rg5 h4 53.Rxg6 h3 54.b6 h2 55.Rh6  1/2-1/2

[Event "Linz op"]
[Site "Linz"]
[Date "1990.??.??"]
[Round "5"]
[White "Kuczynski, Robert"]
[Black "Djurkovic, Maks"]
[Result "1-0"]
[WhiteElo "2460"]
[BlackElo "2265"]

1.e4 d6 2.d4 Nf6 3.Nc3 e5 4.Nf3 Bg4 5.dxe5 Bxf3 6.Qxf3 dxe5 7.Bc4 c6 8.O-O Nbd7
9.Ne2 b5 10.Bb3 a5 11.a4 b4 12.Ng3 h6 13.Rd1 Qc7 14.Nh5 Rd8 15.Be3 Rh7 16.h4 Be7
17.Ng3 Nc5 18.Rxd8+ Qxd8 19.Rd1 Qc7 20.Qe2 g6 21.h5 Kf8 22.Bxf7 Rxf7 23.hxg6 Rg7
24.Bxh6 Ng8 25.Qf3+ Bf6 26.Nh5 Ke8 27.Nxf6+ Nxf6 28.Qxf6 Rg8 29.Rd8+  1-0

[Event "Lombardia op"]
[Site "Lombardia"]
[Date "1990.??.??"]
[Round "?"]
[White "Valenti, Giuseppe"]
[Black "Mantovani, Renzo"]
[Result "0-1"]
[WhiteElo "2215"]
[BlackElo "2365"]

1.e4 d6 2.d4 Nf6 3.Nc3 c6 4.h3 Nbd7 5.Nf3 e5 6.Be2 b5 7.a3 a6 8.O-O Bb7 9.b4 Be7
10.dxe5 dxe5 11.Nh4 O-O 12.Nf5 c5 13.Nd5 Nxd5 14.exd5 cxb4 15.Nxe7+ Qxe7
16.axb4 Rac8 17.d6 Qe6 18.Be3 Rc6 19.Ra3 Rxd6 20.Rd3 Rxd3 21.Qxd3 Qc6 22.f3 Rc8
23.Rd1 Nf8 24.Bc5 Ne6 25.Be7 Qxc2 26.Qxc2 Rxc2 27.Rd7 Rxe2 28.Rxb7 h6 29.Kf1 Ra2
30.Bd6 f6 31.g3 h5 32.f4 exf4 33.gxf4 Rd2 34.Bb8 Rd4 35.Re7 Nxf4  0-1

[Event "Lloyds Bank op"]
[Site "London"]
[Date "1990.??.??"]
[Round "?"]
[White "Wells, Peter K"]
[Black "Rashkovsky, Nukhim N"]
[Result "1-0"]
[WhiteElo "2410"]
[BlackElo "2540"]

1.d4 d6 2.e4 Nf6 3.Nc3 c6 4.f4 Qb6 5.e5 Nd5 6.Nxd5 cxd5 7.Bd3 g6 8.c3 Bf5
9.Bxf5 gxf5 10.Qh5 e6 11.Nf3 Nc6 12.Ng5 Nd8 13.g4 Be7 14.gxf5 exf5 15.Nxf7 Nxf7
16.e6 Rf8 17.Rg1 O-O-O 18.exf7 Rd7 19.Rg8 Kc7 20.Rxf8 Bxf8 21.Qxf5 Qb5 22.Kf2 Re7
23.Qc2 Qd7 24.Qd3 Qg4 25.Bd2 Rxf7 26.Rg1 Qh5 27.h3 Be7 28.Rg4 Bf6 29.Kg2 Re7
30.f5 Qe8 31.Kf3 Qa4 32.Bg5 Bxg5 33.Rxg5 Qxa2 34.f6 Rd7 35.Rg7 Qa1 36.Rxd7+ Kxd7
37.Qf5+ Kd8 38.f7 Qf1+ 39.Kg4 Qxf5+ 40.Kxf5 Ke7 41.f8=Q+ Kxf8 42.Ke6  1-0